Länder, die Kanada am Nächsten Liegen - Statistiken

Allgemein
  • Dieses Quiz wurde 218 mal gespielt
  • Das Durchschnittsergebnis liegt bei 16 aus 20
Antwortstatistiken
km Land % Korrekt
0 Vereinigte Staaten
100%
1809 Mexiko
97%
26 Grönland (Dänemark)
94%
1238 Russland
94%
2065 Kuba
87%
1638 Island
84%
2625 Jamaika
81%
2582 Haiti
80%
2200 Norwegen
78%
2733 Guatemala
77%
1657 Bahamas
76%
2642 Belize
76%
1232 Bermuda (Vereinigtes Königreich)
76%
2823 Honduras
76%
2352 Schweden
75%
2644 Dominikanische Republik
74%
2342 Finnland
72%
8 Saint-Pierre und Miquelon (Frankreich)
69%
1928 Azoren (Portugal)
58%
2832 Sint Maarten (Niederlande)
51%
Keine übereinstimmenden Quizze gefunden
Verteilung der Resultate
Anzahl Personen mit jedem Resultat
Perzentil nach korrekt beantworteten Fragen
Ihre Resultats-Entwicklung
Sie haben dieses Quiz noch nicht gespielt